Statistics for The Only European Country ...

Click here to take the quiz!

General Stats

  • This quiz has been taken 33,583 times
    (33,459 since last reset)
  • The average score is 12 of 20

Answer Stats

The only country that ... Country % Correct
has voted to leave the EUUnited Kingdom
98%
starts with the letter EEstonia
95%
has more than 100 million peopleRussia
92%
has roads with no speed limitsGermany
80%
is entirely surrounded by the MediterraneanMalta
76%
has territory on the African mainlandSpain
76%
borders both the Mediterranean and North SeaFrance
70%
doesn't have mosquitosIceland
65%
has one billionaire per 10,000 citizensMonaco
64%
uses the Złoty as its currencyPoland
62%
is doubly landlockedLiechtenstein
53%
has a capital whose name starts with KUkraine
51%
has an orange stripe on its flagIreland
51%
doesn't have an "A" or "E" in its nameKosovo
47%
is an absolute monarchyVatican City
46%
has the death penaltyBelarus
43%
gets 40% of its power from windDenmark
41%
has an average elevation above 1,500mAndorra
40%
has a trillion dollar sovereign wealth fundNorway
33%
is ruled by a seven-person councilSwitzerland
28%

Score Distribution

Percentile by Number Answered

Percent of People with Each Score

Your Score History

You have not taken this quiz since the last reset